| 000 | 00793nam a2200265 a 4500 | ||
|---|---|---|---|
| 001 | 71298 | ||
| 003 | BD-RjUL | ||
| 005 | 20211209082111.0 | ||
| 008 | 170502s1964 inua 000 0 eng | ||
| 020 | _c: USD 4.95 | ||
| 035 | _a(BD-RjUL)71514 | ||
| 040 |
_aDLC _cFJ _dOCoLC _dDLC _dBD-RjUL _beng |
||
| 041 | _aeng | ||
| 082 |
_a510.783 _223 _bLYF 1964 |
||
| 100 | 1 |
_aLytel, Allan Herbert _d1920- _9210979 |
|
| 245 | 1 | 0 |
_aFundamentals of computer math / _cby Allan Herbert Lytel ; edited by A. A. Wicks. |
| 250 | _a1st ed. | ||
| 260 |
_aIndianapolis : _bH.W. Sams, _c1964 |
||
| 300 |
_a160 p. : _bill. ; _c23 cm. |
||
| 500 | _a"Cat. no. CMF-1." | ||
| 650 | 0 |
_aElectronic digital computers. _9210980 |
|
| 650 | 0 |
_aNumerical calculations _9210981 |
|
| 942 |
_2ddc _cBK |
||
| 999 |
_c71298 _d71298 |
||